| 000 | 00392nam a2200145Ia 4500 | ||
|---|---|---|---|
| 008 | 240729s9999 xx 000 0 und d | ||
| 022 | _a2353-9801 | ||
| 245 | 0 | _aJournal of Medical Science | |
| 260 | _aPoland | ||
| 260 | _bPoznan University of Medical Sciences | ||
| 650 | _aMedicine | ||
| 856 | _uhttps://doaj.org/toc/321a691b869a41e2b5fce715461ed83c | ||
| 942 | _2ddc | ||
| 942 | _cDOAJEJ | ||
| 999 |
_c66154 _d66154 |
||
| 945 |
_a1 _bMadushi Gamage _c1 _dMadushi Gamage |
||